Responses for show #5260 - Friday, June 22, 2007

Contestants

Deana Weibel-Swanson, an assistant professor from Grand Rapids, Michigan

Matt Corcoran, an administrative assistant from Philadelphia, Pennsylvania

Jesse Berry, a tax analyst from Little Rock, Arkansas (whose 3-day cash winnings total $41,500)

Jeopardy! Round responses

MEDICATIONS
(Alex: All legal, of course.)
MUSICAL SYNOPSES
NUDIST, BUDDHIST, OR CUBIST
CHARLES GOT CHARGED
AMUSEMENTS
A LOVER OF LATIN
    $200 14
the thyroid

Deana
    $200 20
Annie

Matt
    $200 6
(Deana: What is Cubist?)

Buddhist

JesseDeana
    $200 25
the Watergate Scandal

Matt
    $200 11
(Alex: That's when you're playing [*].)

gin

Triple Stumper
    $200 1
a hybrid

Deana
    $400 15
(Alex: [*] is right because the god is Morpheus.)

morphine

Deana
    $400 22
Bye Bye Birdie

Deana
    $400 7
a nudist

Matt
    $400 26
Charles Manson

Matt
    $400 12
Coney Island

Matt
    $400 2
(Matt: What is "loci"?)

loco

JesseMatt
    $600 17
Parkinson's Disease

Deana
    $1,500 23
The Unsinkable Molly Brown

Deana
    $600 8
a Cubist

Deana
    $600 27
Charles Keating

Triple Stumper
    $600 13
(Alex: And that word is [*].)

midway

Triple Stumper
    $600 3
percent

Triple Stumper
    $800 18
bacteria

Deana
    $800 24
Victor/Victoria

Matt
    $800 9
a Buddhist

Matt
    $800 28
Charles I

Deana
    $800 16
Niagara Falls

Jesse
    $800 4
an alibi

Jesse
    $1000 19
serotonin

Jesse
    $1000 29
Brigadoon

Matt
    $1000 10
a Cubist

Matt
    $1000 30
(Alex: [*]. That is correct. Of course, if he hadn't shot him, maybe the mistreatment would not have occurred.)

(Charles) Guiteau

Matt
    $1000 21
a dilettante

Deana
    $1000 5
bona fide

Matt

Scores at the first commercial break (after clue 15):

Jesse Matt Deana
$1,400 $3,200 $1,200

Scores at the end of the Jeopardy! Round:

Jesse Matt Deana
$3,200 $6,800 $6,300

Double Jeopardy! Round responses

PRESIDENTIAL HUMOR
JACK NICHOLSON
TRAVEL EUROPE
"H"E MAN
PULITZER PRIZE PLAYS
THEY DIFFER BY ONE LETTER
(Alex: Each correct response will be two words. Words are exactly the same except for one letter.)
    $400 23
John F. Kennedy

Matt
    $400 18
Five Easy Pieces

Matt
    $400 8
Brussels

Deana
    $400 13
Jimi Hendrix

Jesse
    $400 1
The Diary Of Anne Frank

Jesse
    $400 3
a hot hat

Matt
    $3,000 24
(Alex: [*], the actor who was a politician. Yes.)

Ronald Reagan

Matt
    $800 19
(Matt: Who is Pollack?)
(Alex: No. Who is [*]? Not Sydney Pollack.)

Roman Polanski

Matt
Triple Stumper
    $800 9
Denmark

Jesse
    $800 14
Hadrian

Jesse
    $800 2
That Championship Season

Triple Stumper
    $800 4
a bad bed

Deana
    $1200 25
(Jesse: Who is Eisenhower?)
(Alex: No. [*] was the president who fired General MacArthur.)

Harry Truman

Jesse
Triple Stumper
    $1200 20
Stanley Kubrick

Matt
    $1200 10
Glasgow

Jesse
    $1200 15
(Jesse: Who is Hastor?)

Tom Harkin

Jesse
Triple Stumper
    $1200 26
dinner

Deana
    $1200 5
(Jesse: What is a duck's deck?)
(Alex: No.)
...
(Alex: [*]. Yes. Sorry, Jesse, you added the "S.")

a duck deck

JesseDeana
    $1600 29
(Jesse: Who is Nixon?)

Abraham Lincoln

Jesse
Triple Stumper
    $1600 21
The Witches Of Eastwick

Matt
    $1600 11
St. Mark

Deana
    $1600 16
Langston Hughes

Matt
    $1600 27
Alfred Lunt

Triple Stumper
    $1600 6
(Matt: What is a leopard's leotard?)
(Alex: No.)
...
(Alex: Yes. The boys keep wanting to make possessives, and you're benefiting.)

a leopard leotard

MattDeana
    $2000 30
(Alex: Some of our presidents, including [*] who's responsible for that line, were very funny.)

Bill Clinton

Triple Stumper
    $2000 22
As Good As It Gets

Matt
    $3,000 12
Salzburg (Austria)

Deana
    $2000 17
(Matt: Who is Hemingway?)

John Hersey

Matt
Triple Stumper
    $2000 28
Three Tall Women

Triple Stumper
    $2000 7
(Alex: Ah, you're gonna love this one. What is [*]?)

a wax war

Triple Stumper

Scores at the end of the Double Jeopardy! Round:

Jesse Matt Deana
$1,600 $13,000 $16,100

[wagering suggestions for these scores]

Final Jeopardy! Round responses

FOOD & DRINK HISTORY
(Alex: Quality control in the making of beer--where did that start?)
...
(Alex: [Revealing Jesse's response] Yes--the Germans.)
JesseWhat is Bavaria?
$1,600
MattWhat is Bavaria?
$12,000
DeanaWhat is Saxony?
$11,000
Bavaria

Final scores:

Jesse Matt Deana
$3,200 $25,000 $5,100
3rd place: $1,000 New champion: $25,000 2nd place: $2,000

Game dynamics:

Coryat scores:

Jesse Matt Deana
$1,600 $10,800 $14,200
10 R,
4 W
19 R
(including 1 DD),
4 W
17 R
(including 2 DDs),
1 W

Combined Coryat: $26,600

The J! Archive is created by fans, for fans. The Jeopardy! game show and all elements thereof, including but not limited to copyright and trademark thereto, are the property of Jeopardy Productions, Inc. and are protected under law. This website is not affiliated with, sponsored by, or operated by Jeopardy Productions, Inc. Join the discussion at JBoard.tv.